000 00761nmc a2200301 a 4500
003 AR-BaBNM
005 20251128210443.0
008 240020s1999 ||||||||||||||000 | spa||
020 _a987-9186-88-5
040 _cAR-BaBNM
100 1 _aKafka, Franz
245 1 0 _aFranz Kafka
260 _aBuenos Aires
_bNEED
_c1999
300 0 _a253 p.
490 0 _aPáginas escogidas
650 4 _aANTOLOGIAS
650 4 _aESCRITORES
650 4 _aLITERATURA CONTEMPORANEA
653 _aLITERATURA CHECA
653 _aLITERATURA FANTASTICA
653 _aLITERATURA ALEGORICA
653 _aNARRATIVA
655 _aLITERATURA
700 1 _aRasmozzi, Emilio
_etraductor
800 1 _aSamonta, Carlos Alberto
_edirector
942 _cBK
998 _cMARTIN
999 _c15529
_d15529